000 00475nam a2200169 i 4500
001 83410
003 ES-MaACL
005 20230906174824.0
007 t|
008 041116s1965 sp ||||1| spa d
100 1 _aIribarren, Manuel.
_965455
245 1 4 _aLos grandes hombres ante la muerte /
_cManuel Iribarren.
250 _a2ª ed.
260 _aBarcelona :
_bMontaner y Simón,
_c1965.
300 _a394 p., 20 lám. ;
_c23 cm.
852 _aES-MaACL
_jC-28584
_bR.57856
999 _c83410
_d83410